Actors who worked with Ang Lee - Statistics

General Stats
  • This quiz has been taken 30 times
  • The average score is 27 of 105
Answer Stats
Films Answer % Correct
Brokeback Mountain Heath Ledger
87%
Brokeback Mountain Jake Gyllenhaal
83%
Hulk Eric Bana
74%
Crouching Tiger, Hidden Dragon Michelle Yeoh
74%
Sense and Sensibility Emma Thompson
70%
Gemini Man Will Smith
70%
Brokeback Mountain Anne Hathaway
65%
Brokeback Mountain Michelle Williams
65%
Hulk Jennifer Connelly
52%
Hulk Nick Nolte
52%
Crouching Tiger, Hidden Dragon Chow Yun-fat
48%
Sense and Sensibility Kate Winslet
48%
The Ice Storm Sigourney Weaver
48%
Life of Pi Irrfan Khan
43%
The Ice Storm, Ride with the Devil Tobey Maguire
43%
The Ice Storm Christina Ricci
39%
Gemini Man Clive Owen
39%
Billy Lynn's Long Halftime Walk Kristen Stewart
39%
The Wedding Banquet, Billy Lynn's Long Halftime Walk Mason Lee
39%
Hulk Sam Elliott
39%
Sense and Sensibility Alan Rickman
35%
The Ice Storm Elijah Wood
35%
Brokeback Mountain Linda Cardellini
35%
Ride with the Devil Mark Ruffalo
35%
Gemini Man Mary Elizabeth Winstead
35%
Life of Pi Rafe Spall
35%
Crouching Tiger, Hidden Dragon Zhang Ziyi
35%
Gemini Man Benedict Wong
30%
Crouching Tiger, Hidden Dragon Chang Chen
30%
Taking Woodstock Demetri Martin
30%
The Ice Storm Joan Allen
30%
Lust, Caution Joan Chen
30%
The Ice Storm Kevin Kline
30%
The Wedding Banquet May Chin
30%
Billy Lynn's Long Halftime Walk Steve Martin
30%
Life of Pi Suraj Sharma
30%
Brokeback Mountain Anna Faris
26%
Brokeback Mountain David Harbour
26%
Sense and Sensibility Hugh Grant
26%
Billy Lynn's Long Halftime Walk Joe Alwyn
26%
Taking Woodstock Jonathan Groff
26%
Brokeback Mountain Kate Mara
26%
Brokeback Mountain Randy Quaid
26%
Lust, Caution Tang Wei
26%
The Ice Storm Allison Janney
22%
Hulk Cara Buono
22%
Billy Lynn's Long Halftime Walk Chris Tucker
22%
Billy Lynn's Long Halftime Walk Garrett Hedlund
22%
Sense and Sensibility Gemma Jones
22%
Life of Pi Gérard Depardieu
22%
The Ice Storm James Sheridan
22%
Ride with the Devil Jonathan Rhys Meyers
22%
The Ice Storm Katie Holmes
22%
Ride with the Devil Skeet Ulrich
22%
The Ice Storm David Krumholtz
17%
Taking Woodstock Eugene Levy
17%
Sense and Sensibility Greg Wise
17%
Sense and Sensibility Hugh Laurie
17%
Ride with the Devil Jeffrey Wright
17%
Hulk Josh Lucas
17%
Taking Woodstock Paul Dano
17%
Brokeback Mountain Peter McRobbie
17%
Gemini Man Ralph Brown
17%
Crouching Tiger, Hidden Dragon, Eat Drink Man Woman, The Wedding Banquet, Pushing Hands Sihung Lung
17%
Eat Drink Man Woman Sylvia Chang
17%
Life of Pi Tabu
17%
Sense and Sensibility, Ride with the Devil Tom Wilkinson
17%
Billy Lynn's Long Halftime Walk Vin Diesel
17%
Eat Drink Man Woman, The Wedding Banquet Winston Chao
17%
Life of Pi Adil Hussain
13%
Life of Pi Ayush Tandon
13%
Billy Lynn's Long Halftime Walk Ben Platt
13%
Taking Woodstock Dan Fogler
13%
Hulk Daniel Dae Kim
13%
Pushing Hands Deb Snyder
13%
Gemini Man Douglas Hodge
13%
Taking Woodstock Emile Hirsch
13%
The Ice Storm Henry Czerny
13%
Taking Woodstock Henry Goodman
13%
Sense and Sensibility, Taking Woodstock Imelda Staunton
13%
Taking Woodstock Jeffrey Dean Morgan
13%
Ride with the Devil Jim Caviezel
13%
Taking Woodstock Katherine Waterston
13%
The Ice Storm Larry Pine
13%
Lust, Caution Lawrence Ko
13%
Lust, Caution Leehom Wang
13%
Taking Woodstock Liev Schreiber
13%
The Wedding Banquet Mitchell Lichtenstein
13%
Hulk Paul Kersey
13%
Sense and Sensibility Robert Hardy
13%
Ride with the Devil Simon Baker
13%
Pushing Hands Wang Lai
13%
Eat Drink Man Woman Wu Chien-Lien
13%
Eat Drink Man Woman Yang Kuei-Mei
13%
Eat Drink Man Woman Yu-Wen Wang
13%
Ride with the Devil Zach Grenier
13%
Taking Woodstock Kelli Garner
9%
Hulk Kevin Rankin
9%
Billy Lynn's Long Halftime Walk Tim Blake Nelson
9%
Lust, Caution Tony Leung Chiu-wai
9%
Pushing Hands Wang Bozhao
9%
The Wedding Banquet Gua Ah-leh
4%
Life of Pi James Saito
4%
Taking Woodstock Josh Safdie
4%
Lust, Caution Tsung-Hua Tou
4%
No matching quizzes found
Score Distribution
Percent of People with Each Score
Percentile by Number Answered
Your Score History
You have not taken this quiz